Street Fighter 6 Characters - Statistics

General Stats
  • This quiz has been taken 69 times
  • The average score is 20 of 27
Answer Stats
. Character % Correct
Base Ken
100%
Base Ryu
100%
DLC Akuma
89%
Base Chun-Li
89%
Base Blanka
86%
DLC M.Bison
84%
Base Zangief
84%
DLC A.K.I
81%
Base Guile
81%
Base Cammy
76%
DLC Mai
76%
DLC Terry
76%
DLC Sagat
70%
Base Dhalsim
68%
Base E.Honda
68%
Base Luke
68%
Base Marisa
68%
DLC ED
65%
Base Jamie
65%
Base Manon
65%
Base Juri
59%
Base Kimberly
59%
Base Lily
59%
DLC Rashid
57%
DLC Elena
54%
Base JP
54%
Base Dee Jay
51%
No matching quizzes found
Score Distribution
Percent of People with Each Score
Percentile by Number Answered
Your Score History
You have not taken this quiz